LEADER 01649nam a2200349 u 4500 001 000000014934 003 CaOOAMICUS 005 20070226105824.0 008 941214s1972 fr u000 u fre u 035 $a10350705 040 $aPUL(R)$bita 041 1 $afre$hger 100 1 $aMussner, Franz.$0(OLS)http://pul/name/13787 240 10$aGeschichte der Hermemeutik von Schleiermacher bis zur Gegenwart.$lFrancese.$0(OLS)http://pul/title/21422 245 10$aHistoire de l'herméneutique :$bde Schleiermacher à nos jmours /$cFranz Mussner ; traduit de l'allemand par T. Nieberding et M. Massart. 260 $aParis :$bCerf,$c1972. 300 $a108 p. ;$c22 cm 490 1 $aHistoire des dogmes ;$v6 490 1 $aHistoire des dogmes.$aTome I, Les fondements de la foi ;$vFasc. 3c 650 4$aErmeneutica.$0(OLS)http://pul/subject/438 700 1 $aMassart, M.$0(OLS)http://pul/name/13789 700 1 $aNieberding, T.$0(OLS)http://pul/name/13788 830 0$aHistoire des dogmes ;$v6.$0(OLS)http://pul/title/18266 830 0$aHistoire des dogmes.$nTome I,$pLes fondements de la foi ;$vFasc. 3c.$0(OLS)http://pul/title/18267 850 $aPUL 852 $aPUL$W1$xSL Religione 1$y3$m70 E $j17835$nBK-PRI$qStampati$q $B20918$CPULBib$Z2$F20918 $81 852 $aPUL$W1$xDP1 Fondo Bordoni$y120$m3 B 6$j115056$b2a copia$qFondi$B172645$CPULBib$Z2$F172645 $HBor1077 $81 941 1 $a1 941 1 $a8 961 $aINV: 44501 996 $6245$aHistoire de l'herméneutique :$bde Schleiermacher à nos jmours$9(OLS)http://pul/title/21423 996 $6260$aParis :$bCerf$9(OLS)http://pul/publisher/48238 LEADER 01164nam a2200301 u 4500 001 000000080202 003 CaOOAMICUS 005 20070226123624.0 008 040701s2002 gw u000 u ger u 020 $a3791717928 035 $a11002740 040 $aPUL$bita 245 00$aEucharistie :$bPositionen katholischer Theologie /$cThomas Söding (Hg.) 260 $aRegensburg :$bPustet,$cc2002. 300 $a279 p. ;$c21 cm 504 $aComprende bibliografia. 650 4$aEucaristia.$0(OLS)http://pul/subject/1539 650 4$aTeologia pastorale.$0(OLS)http://pul/subject/1301 700 1 $aSöding, Thomas.$0(OLS)http://pul/name/34850 850 $aPUL 852 $aPUL$W1$xSL Religione 3$y85$m234 SODTH 1$j102450$nBK-PRI$b $qDDC 21$B102450$CPULBib$Z2$F102450 $HPUL95657 $81 941 1 $a9 960 $aEucarestia$91539 960 $aComunione (sacramento)$91539 960 $aPastorale$91301 996 $6020$a3791717928$9(OLS)http://pul/number/105901 996 $6245$aEucharistie :$bPositionen katholischer Theologie$9(OLS)http://pul/title/105055 996 $6260$aRegensburg :$bPustet$9(OLS)http://pul/publisher/61617